[Event "32.Schlosspark-Open"]
[Site "Wiesbaden-Biebrich"]
[Date "2023.08.25"]
[Round "3.1"]
[White "Siegert, Gregor"]
[Black "Pfreundt, Jakob"]
[Result "0-1"]
[WhiteElo "1973"]
[BlackElo "2427"]
[PlyCount "184"]
[EventDate "2023.??.??"]
[WhiteTeam "Schachforum Darmstadt 1994"]
[BlackTeam "HSK Lister Turm"]

1. e4 c6 2. d4 d5 3. exd5 cxd5 4. Bd3 Nf6 5. c3 Bg4 6. Qb3 Qc7 7. Ne2 Bxe2 8. Bxe2 e6 9. Be3 Bd6 10. Nd2 Nc6 11. g3 h5 12. h3 Ne7 13. Bb5+ Kf8 14. O-O-O h4 15. g4 Ng6 16. Rhe1 Rb8 17. Kb1 a6 18. Bd3 Nf4 19. Bxf4 Bxf4 20. c4 g6 21. cxd5 exd5 22. Nf3 Qd6 23. Re5 Qd8 24. Re2 Kg7 25. Rde1 b5 26. Qa3 Rb6 27. Qe7 Bd6 28. Qe3 Bb4 29. Rc1 Re8 30. Ne5 Nd7 31. g5 Nxe5 32. dxe5 d4 33. Qe4 Qxg5 34. Qxd4 Qd8 35. Qe4 Rd6 36. exd6 Rxe4 37. Rxe4 Bxd6 38. Bc2 Qf6 39. Rd1 Be5 40. Rd7 Qc6 41. Ra7 Qc5 42. Rd7 Qc8 43. Rd3 Qc7 44. Bb3 f5 45. Re1 Kh6 46. Rd5 Bh8 47. Re6 Qg7 48. Rd2 a5 49. a4 bxa4 50. Bxa4 Kg5 51. Be8 Kf4 52. Bxg6 Qb7 53. Red6 a4 54. R6d3 Qb4 55. Ka2 a3 56. bxa3 Qc4+ 57. Kb1 Bc3 58. Bf7 Qb5+ 59. Kc1 Bxd2+ 60. Kxd2 Qc5 61. Re3 Qd4+ 62. Ke2 Kg5 63. Kf1 f4 64. Re1 f3 65. Be6 Qd3+ 66. Kg1 Qxa3 67. Bg4 Qc3 68. Rb1 Kf4 69. Rd1 Ke4 70. Kf1 Qc4+ 71. Kg1 Qb4 72. Kf1 Qb5+ 73. Kg1 Qe2 74. Ra1 Kd4 75. Ra4+ Kc5 76. Ra1 Kb4 77. Rb1+ Kc3 78. Ra1 Kb3 79. Rb1+ Ka2 80. Rc1 Kb2 81. Rf1 Kc2 82. Ra1 Qe4 83. Kf1 Qe5 84. Re1 Qh2 85. Bxf3 Qxh3+ 86. Ke2 Qf5 87. Rd1 h3 88. Rd5 Qe6+ 89. Kf1 Qg6 90. Rh5 Qd3+ 91. Be2 Qc3 92. Kg1 Qg7+ 0-1

[Event "32.Schlosspark-Open"]
[Site "Wiesbaden-Biebrich"]
[Date "2023.08.25"]
[Round "3.2"]
[White "Smith, Bryan"]
[Black "Grzeca, Pascal"]
[Result "1-0"]
[WhiteElo "2378"]
[BlackElo "2075"]
[PlyCount "69"]
[EventDate "2023.??.??"]
[WhiteTeam "Philadelphia,PA"]
[BlackTeam "SV 1921 Springer Siershahn e.V."]

{[%evp 0,69,19,23,79,71,82,73,63,37,65,41,42,42,64,59,52,33,58,42,42,0,19,9,-9,16,57,54,91,69,66,86,93,100,93,125,167,138,140,141,140,137,177,155,161,184,177,141,141,143,254,234,234,260,391,395,391,405,410,379,348,413,419,559,629,696,801,826,918,1325,1325,1440]} 1. e4 c6 2. d4 d5 3. e5 Bf5 4. h4 h5 5. Bd3 Bxd3 6. Qxd3 Qa5+ 7. Nd2 e6 8. Ngf3 Nh6 9. O-O Nf5 10. a4 Qa6 11. c4 c5 12. Qb1 Qc6 13. dxc5 dxc4 14. Nxc4 Bxc5 15. b4 Be7 16. Ne3 Nxe3 17. Bxe3 O-O 18. b5 Qe8 19. Qe4 Nd7 20. Qxb7 Bc5 21. Rac1 Rb8 22. Qe4 Bxe3 23. Qxe3 Nb6 24. Ng5 f6 25. exf6 Rxf6 26. Rc6 Qg6 27. a5 Nd5 28. Qxa7 Rbf8 29. Qc5 Nf4 30. Rc8 Qd3 31. b6 Ne2+ 32. Kh2 Nf4 33. b7 Qxf1 34. Rxf8+ Rxf8 35. Qxf8+ 1-0

[Event "32.Schlosspark-Open"]
[Site "Wiesbaden-Biebrich"]
[Date "2023.08.25"]
[Round "3.3"]
[White "Sydykov, Bayastan"]
[Black "Lammers, Markus"]
[Result "0-1"]
[WhiteElo "1940"]
[BlackElo "2340"]
[PlyCount "118"]
[EventDate "2023.??.??"]
[WhiteTeam "SK 1858 Gießen"]
[BlackTeam "HSK Lister Turm"]

1. e4 Nc6 2. d4 d5 3. e5 f6 4. f4 Bf5 5. Nf3 e6 6. Bd3 Nh6 7. O-O Be7 8. c3 Be4 9. Bxe4 dxe4 10. Nfd2 f5 11. Nc4 O-O 12. Ne3 Kh8 13. g3 Rg8 14. Qh5 Qf8 15. h4 Rd8 16. Rd1 Na5 17. b4 Nc4 18. Qe2 Nxe3 19. Qxe3 a5 20. b5 c5 21. Bb2 Qe8 22. a4 Ng4 23. Qe2 cxd4 24. cxd4 Qg6 25. Nd2 Rc8 26. Nf1 h6 27. Nh2 Nxh2 28. Qxh2 Rc4 29. Re1 Rgc8 30. Re2 Qg4 31. Qg2 Kh7 32. Rd1 Rc2 33. Rdd2 Rxb2 34. Rxb2 Rc1+ 35. Kh2 Bxh4 36. Re3 Bd8 37. Qe2 Qxe2+ 38. Rexe2 Rc4 39. Red2 e3 40. Rd3 Bb6 41. d5 Bd4 42. Ra2 exd5 43. Kg2 Kg6 44. Kf3 Kf7 45. Rh2 Ke6 46. Rh1 Bc5 47. g4 fxg4+ 48. Kxg4 Rxa4 49. Kf3 Ra2 50. Rc3 Rf2+ 51. Kg4 Bb6 52. Rd3 a4 53. Kg3 Rb2 54. Ra1 e2 55. Kf3 Ba5 56. f5+ Kxf5 57. e6 Kxe6 58. Re3+ Kd6 59. Rxe2 Rb3+ 0-1

[Event "32.Schlosspark-Open"]
[Site "Wiesbaden-Biebrich"]
[Date "2023.08.25"]
[Round "3.4"]
[White "Stork, Oliver"]
[Black "Barbanera, Fabrizio"]
[Result "1-0"]
[WhiteElo "2327"]
[BlackElo "2101"]
[PlyCount "93"]
[EventDate "2023.??.??"]
[WhiteTeam "Klub Kölner SF e. V."]
[BlackTeam "SC Neumühl"]

1. d4 Nf6 2. c4 e5 3. dxe5 Ng4 4. e3 Nxe5 5. f4 Nec6 6. Ne2 Bc5 7. Nbc3 O-O 8. Ng3 Re8 9. Be2 a5 10. O-O Na6 11. Bf3 d6 12. b3 Re6 13. Kh1 Rh6 14. Nce4 Qh4 15. Nh5 Qe7 16. Nxc5 Nxc5 17. Bb2 Qh4 18. Qd5 Bg4 19. Bxg4 Qxg4 20. Nxg7 Nb4 21. Qg5 Rg6 22. Qxg4 Rxg4 23. Nf5 Kf8 24. Bd4 Ne4 25. a3 Nd3 26. Ra2 Re8 27. Kg1 b6 28. Rd1 Ndc5 29. b4 Nb3 30. Rb2 a4 31. Rc2 c5 32. Bb2 Rg6 33. g3 Ree6 34. Kg2 Re8 35. Kf3 Ree6 36. g4 Re8 37. h4 Rge6 38. Ng7 Ned2+ 39. Rdxd2 Nxd2+ 40. Rxd2 Rxe3+ 41. Kf2 R8e4 42. Nf5 Rb3 43. Be5 cxb4 44. Rxd6 Rxe5 45. fxe5 Ke8 46. axb4 Rxb4 47. Rd3 1-0

[Event "32.Schlosspark-Open"]
[Site "Wiesbaden-Biebrich"]
[Date "2023.08.25"]
[Round "3.5"]
[White "Montalbano, Federico"]
[Black "Gutman, Lev"]
[Result "0-1"]
[WhiteElo "2115"]
[BlackElo "2325"]
[PlyCount "70"]
[EventDate "2023.??.??"]
[WhiteTeam "Wiesbadener SV 1885"]
[BlackTeam "SV Lingen"]

1. d4 Nf6 2. c4 g6 3. h4 h5 4. Nc3 d5 5. Bg5 Ne4 6. cxd5 Nxc3 7. bxc3 Qxd5 8. f3 Bg7 9. e4 Qa5 10. Qd2 c5 11. Rc1 Nd7 12. Ne2 Nb6 13. d5 Nc4 14. Qc2 b5 15. Ng3 Na3 16. Qd3 Qc7 17. Kf2 a5 18. Qd2 Ba6 19. Bd3 c4 20. Bb1 b4 21. Bf4 Qb6+ 22. Be3 bxc3 23. Qxc3 Qb2+ 24. Qxb2 Bxb2 25. Rce1 Kd7 26. Ne2 Rhc8 27. e5 Bxe5 28. Nd4 Rab8 29. Nc6 Rb2+ 30. Kf1 Bg3 31. Bc1 Rxb1 32. Rxe7+ Kd6 33. Ke2 c3+ 34. Ke3 Nc2+ 35. Ke4 f5# 0-1

[Event "32.Schlosspark-Open"]
[Site "Wiesbaden-Biebrich"]
[Date "2023.08.25"]
[Round "3.6"]
[White "Leidorf, Sebastian"]
[Black "Neukirchner, Pascal"]
[Result "1/2-1/2"]
[WhiteElo "2053"]
[BlackElo "2279"]
[PlyCount "86"]
[EventDate "2023.??.??"]
[WhiteTeam "SV Bergwinkel"]
[BlackTeam "SK Gründau"]

1. c4 c5 2. g3 g6 3. Bg2 Bg7 4. Nc3 Nc6 5. Nf3 e5 6. O-O d6 7. a3 a5 8. Ne1 Be6 9. d3 Nge7 10. Nc2 d5 11. cxd5 Nxd5 12. Ne3 Nb6 13. Na4 Nxa4 14. Bxc6+ bxc6 15. Qxa4 O-O 16. Qxc6 Qd4 17. Qe4 f5 18. Qxd4 cxd4 19. Nc4 Bxc4 20. dxc4 Rfc8 21. Bd2 Rab8 22. b4 axb4 23. axb4 Rxc4 24. Rfc1 Rxc1+ 25. Rxc1 Bf8 26. Rb1 Kf7 27. h4 Ke6 28. Kg2 e4 29. h5 gxh5 30. b5 Bc5 31. Bf4 Rb7 32. Kh3 Kd5 33. Kh4 d3 34. exd3 exd3 35. Kxh5 Kc4 36. Kg5 Bxf2 37. Kxf5 Bxg3 38. Bxg3 d2 39. Rd1 Rxb5+ 40. Ke4 Kc3 41. Bf4 Rb4+ 42. Kf3 Rxf4+ 43. Kxf4 Kc2 1/2-1/2

[Event "32.Schlosspark-Open"]
[Site "Wiesbaden-Biebrich"]
[Date "2023.08.25"]
[Round "3.7"]
[White "Töpfer, Albrecht"]
[Black "Boidman, Yuri"]
[Result "1-0"]
[WhiteElo "2065"]
[BlackElo "2288"]
[PlyCount "67"]
[EventDate "2023.??.??"]
[WhiteTeam "SC Fulda"]
[BlackTeam "SC Heimbach-Weis/Neuwied e.V."]

1. d4 d5 2. Nf3 Nf6 3. Bf4 c5 4. e3 Nc6 5. Nbd2 Bg4 6. c3 e6 7. Qa4 Nd7 8. Bb5 Qb6 9. Ne5 Ndxe5 10. dxc5 Bxc5 11. Bxe5 Bh5 12. g4 f6 13. Bxf6 gxf6 14. gxh5 Kf7 15. O-O-O Ne5 16. Be2 Rhg8 17. Rhg1 Rac8 18. Kb1 Rxg1 19. Rxg1 Bxe3 20. fxe3 Qxe3 21. Qd1 d4 22. cxd4 Qxd4 23. Nf3 Qe4+ 24. Ka1 Nc6 25. Bd3 Qf4 26. Bxh7 Rd8 27. Qe2 Nd4 28. Nxd4 Qxd4 29. Qg2 f5 30. a3 Rd7 31. h6 Ke7 32. Qg7+ Kd8 33. Qxd4 Rxd4 34. Bxf5 1-0

[Event "32.Schlosspark-Open"]
[Site "Wiesbaden-Biebrich"]
[Date "2023.08.25"]
[Round "3.9"]
[White "Minor, Samuel"]
[Black "Eull, Emil"]
[Result "1/2-1/2"]
[WhiteElo "2185"]
[BlackElo "2032"]
[PlyCount "102"]
[EventDate "2023.??.??"]
[WhiteTeam "Wiesbadener SV 1885"]
[BlackTeam "SF Neuberg"]

1. e4 c6 2. d4 d5 3. Nc3 dxe4 4. Nxe4 Bf5 5. Ng3 Bg6 6. Nh3 e6 7. Nf4 Qc7 8. c3 Nf6 9. h4 Bd6 10. Qf3 Nbd7 11. h5 Bc2 12. h6 g6 13. Bd3 Bxd3 14. Nxd3 Qa5 15. O-O O-O 16. c4 Rfe8 17. b4 Qc7 18. Bg5 Be7 19. Rad1 a5 20. a3 axb4 21. axb4 Ra3 22. Bc1 Rc3 23. c5 Nd5 24. Qe2 Rc4 25. Ne4 N7f6 26. Ne5 Rxb4 27. Qf3 Rf8 28. Ng5 Rxd4 29. Rxd4 Qxe5 30. Rc4 Nd7 31. Ne4 f5 32. Nd2 Bxc5 33. Qb3 b5 34. Rc2 Qd6 35. Bb2 e5 36. Rfc1 Ra8 37. Nf3 e4 38. Nd4 Bxd4 39. Bxd4 Ra6 40. Ba1 N7f6 41. Bxf6 Qxf6 42. Rxc6 Rxc6 43. Qxd5+ Re6 44. Rc8+ Kf7 45. Rc7+ Kf8 46. Qc5+ Re7 47. Rc8+ Kf7 48. Qd5+ Qe6 49. Qd8 Qd7 50. Qf8+ Ke6 51. Ra8 Qd1+ 1/2-1/2

[Event "32.Schlosspark-Open"]
[Site "Wiesbaden-Biebrich"]
[Date "2023.08.25"]
[Round "3.10"]
[White "Stork, Christopher"]
[Black "Jahnel, Günther"]
[Result "1-0"]
[WhiteElo "2065"]
[BlackElo "2183"]
[PlyCount "51"]
[EventDate "2023.??.??"]
[WhiteTeam "SV Oberursel"]
[BlackTeam "FVS ASP Hoyerswerda"]

1. d4 Nf6 2. Nf3 g6 3. c4 Bg7 4. g3 O-O 5. Bg2 c6 6. O-O d5 7. Qb3 a5 8. cxd5 cxd5 9. Nc3 Nc6 10. Bf4 Ra6 11. Na4 Ne4 12. Rfd1 e6 13. h4 h6 14. Nc3 Nd6 15. Bxd6 Qxd6 16. e3 Qd8 17. Na4 Ne7 18. Rac1 Nf5 19. Bf1 Rd6 20. Rc2 b6 21. Ne5 g5 22. hxg5 hxg5 23. Rdc1 Ne7 24. Bb5 Bb7 25. Nd7 Re8 26. Ndxb6 1-0

[Event "32.Schlosspark-Open"]
[Site "Wiesbaden-Biebrich"]
[Date "2023.08.25"]
[Round "3.11"]
[White "Ruppert, Wolfgang"]
[Black "Rutsatz, Mario"]
[Result "1-0"]
[WhiteElo "2165"]
[BlackElo "1912"]
[PlyCount "101"]
[EventDate "2023.??.??"]
[WhiteTeam "SC Flörsheim 1921"]
[BlackTeam "SC 1961 König Nied"]

1. e4 e6 2. d4 d5 3. e5 c5 4. c3 Nc6 5. Nf3 Qb6 6. a3 c4 7. Nbd2 Na5 8. b4 cxb3 9. Bb2 Bd7 10. c4 Ne7 11. c5 Qc7 12. Bd3 h6 13. O-O Nf5 14. a4 b6 15. g4 Ne7 16. Nxb3 Nxb3 17. Qxb3 bxc5 18. dxc5 Nc6 19. Qc3 Be7 20. Rfe1 O-O 21. Bc2 Rfb8 22. Ba3 Qa5 23. Qd3 g6 24. Qe3 Bf8 25. Rac1 Nb4 26. c6 Nxc2 27. Rxc2 Bxa3 28. Qxa3 Bc8 29. Rc5 Qb4 30. Qxb4 Rxb4 31. h3 Rxa4 32. Rb1 Ra6 33. Nd4 Rb6 34. Ra1 a6 35. Nb5 Rab8 36. Nd6 Rb1+ 37. Rxb1 Rxb1+ 38. Kg2 Rb8 39. c7 Ra8 40. Rc6 Kg7 41. Rb6 Bd7 42. Rb8 Ra7 43. c8=Q Bxc8 44. Rxc8 f6 45. Ne8+ Kf7 46. Nxf6 a5 47. Rc3 a4 48. Ra3 Ra5 49. Kf3 g5 50. Ke3 Rb5 51. Kd3 1-0

[Event "32.Schlosspark-Open"]
[Site "Wiesbaden-Biebrich"]
[Date "2023.08.25"]
[Round "3.12"]
[White "Henrich, Thomas"]
[Black "Yozgyur, Ediz"]
[Result "1-0"]
[WhiteElo "2147"]
[BlackElo "1446"]
[PlyCount "71"]
[EventDate "2023.??.??"]
[WhiteTeam "SK Marburg 1931/72"]
[BlackTeam "Kreuznacher SV 1921 e.V."]

1. d4 Nf6 2. c4 e6 3. Nf3 d5 4. Nc3 Bb4 5. Qa4+ Nc6 6. e3 Bd7 7. Qc2 O-O 8. Bd3 dxc4 9. Bxc4 Re8 10. O-O Bxc3 11. bxc3 e5 12. Ng5 Re7 13. Ba3 h6 14. Bxe7 Qxe7 15. Nxf7 Be6 16. Bxe6 Qxe6 17. Nxe5 Nxe5 18. dxe5 Qxe5 19. Qb3+ Kh8 20. Qxb7 Rf8 21. h3 Qxc3 22. Rac1 Qe5 23. Qxc7 Qb2 24. Rc2 Qb4 25. Qxa7 Qe4 26. Rc7 Qg6 27. Qc5 Kg8 28. Rd1 Rb8 29. Rc8+ Rxc8 30. Qxc8+ Kh7 31. a4 Qe4 32. Rd4 Qb1+ 33. Kh2 Qb2 34. Qf5+ Kh8 35. Rd8+ Ng8 36. Qd5 1-0

[Event "32.Schlosspark-Open"]
[Site "Wiesbaden-Biebrich"]
[Date "2023.08.25"]
[Round "3.13"]
[White "Fleckenstein, Lukas"]
[Black "Nagel, Bernhard"]
[Result "1/2-1/2"]
[WhiteElo "1864"]
[BlackElo "2146"]
[PlyCount "127"]
[EventDate "2023.??.??"]
[WhiteTeam "SK Niederbrechen 1948"]
[BlackTeam "Kölner SK Dr. Lasker 186"]

1. e4 e6 2. d4 d5 3. Nd2 c5 4. c3 cxd4 5. cxd4 dxe4 6. Nxe4 Bd7 7. Nf3 Bb4+ 8. Bd2 Bxd2+ 9. Qxd2 Bc6 10. Bd3 Nf6 11. Qe2 Nxe4 12. Bxe4 Qa5+ 13. Nd2 Bxe4 14. Qxe4 Nc6 15. Qe3 Rd8 16. O-O O-O 17. Nb3 Qb6 18. Rfd1 Rd5 19. Rd2 Rfd8 20. Rad1 h5 21. h3 Qb4 22. a3 Qe7 23. Qc3 Qf6 24. Rd3 h4 25. R1d2 Ne7 26. Qc7 R5d7 27. Qa5 b6 28. Qh5 Rd5 29. Qe2 Rg5 30. Qe4 Qg6 31. Qxg6 Nxg6 32. Rf3 Rgd5 33. Rc2 R5d7 34. Rfc3 Kf8 35. Rc8 Ke7 36. Kf1 Rxc8 37. Rxc8 Nf4 38. Rc3 Kd6 39. Nd2 f6 40. Nf3 g5 41. Nd2 Ke7 42. Nf3 Kd8 43. Re3 Rd6 44. Rc3 Kd7 45. a4 Nd5 46. Rc1 Rc6 47. Rxc6 Kxc6 48. Nd2 Nf4 49. Ne4 Nd3 50. b3 Kd5 51. Nxf6+ Kxd4 52. Nh7 Nc5 53. b4 Ne4 54. f3 Ng3+ 55. Kf2 Kc4 56. a5 Kxb4 57. axb6 axb6 58. Nxg5 e5 59. Nf7 e4 60. fxe4 Nxe4+ 61. Kf3 Nf6 62. Kf4 Kc5 63. Ne5 b5 64. Kg5 1/2-1/2

[Event "32.Schlosspark-Open"]
[Site "Wiesbaden-Biebrich"]
[Date "2023.08.25"]
[Round "3.14"]
[White "Khenkin, Igor"]
[Black "Bauer, Claus"]
[Result "1-0"]
[WhiteElo "2508"]
[BlackElo "2136"]
[PlyCount "47"]
[EventDate "2023.??.??"]
[WhiteTeam "Wiesbadener SV 1885"]
[BlackTeam "Sfr.Mainz 1928"]

1. d4 d6 2. Nf3 Nf6 3. c4 Nbd7 4. Nc3 e5 5. e4 Be7 6. Be2 O-O 7. O-O c6 8. Be3 a6 9. d5 cxd5 10. cxd5 Ng4 11. Bd2 b5 12. Ne1 Ngf6 13. Nc2 Nb6 14. Nb4 Bd7 15. Rc1 Rc8 16. Nxa6 Nc4 17. Nb4 Nxb2 18. Qb3 Nc4 19. Be1 Na5 20. Qb1 Qb6 21. a4 Nc4 22. axb5 Na3 23. Qb2 Nxb5 24. Bxb5 1-0

[Event "32.Schlosspark-Open"]
[Site "Wiesbaden-Biebrich"]
[Date "2023.08.25"]
[Round "3.15"]
[White "Dolzhykova, Kateryna"]
[Black "Neurohr, Jürgen"]
[Result "1-0"]
[WhiteElo "2307"]
[BlackElo "2001"]
[PlyCount "95"]
[EventDate "2023.??.??"]
[WhiteTeam "SV Oberursel"]
[BlackTeam "Sfr.Mainz 1928"]

1. e4 e5 2. Nf3 Nc6 3. Nc3 Nf6 4. d4 exd4 5. Nxd4 Bb4 6. Nxc6 bxc6 7. Qd4 Qe7 8. f3 c5 9. Qe3 O-O 10. Bd2 d5 11. exd5 Qxe3+ 12. Bxe3 Re8 13. Kf2 Bxc3 14. bxc3 Nxd5 15. Bxc5 Nxc3 16. Bd4 Nd5 17. Bb5 Rd8 18. Bc6 Rb8 19. Bxa7 Rb2 20. Ba4 Nc3 21. Bb3 Be6 22. Rhc1 h6 23. Bxe6 fxe6 24. a4 Na2 25. Rab1 Rxb1 26. Rxb1 Rd2+ 27. Ke3 Rxc2 28. a5 Rc6 29. Bd4 Nc3 30. Rb8+ Kf7 31. Ra8 Nd5+ 32. Ke4 Nb4 33. Ra7 Rc4 34. Ke3 Rc6 35. Be5 Na6 36. g4 Rc5 37. Bxg7 Kxg7 38. Rxa6 Kf7 39. Ra7 Kf6 40. h4 Rc3+ 41. Kf4 e5+ 42. Ke4 c6 43. Rh7 Rc4+ 44. Kd3 Rd4+ 45. Ke3 Ra4 46. Rxh6+ Kf7 47. Rxc6 Rxa5 48. Ke4 1-0

[Event "32.Schlosspark-Open"]
[Site "Wiesbaden-Biebrich"]
[Date "2023.08.25"]
[Round "3.16"]
[White "Weber, Samuel"]
[Black "Gentner, Markus"]
[Result "1-0"]
[WhiteElo "2276"]
[BlackElo "1982"]
[PlyCount "80"]
[EventDate "2023.??.??"]
[WhiteTeam "SV Oberursel"]
[BlackTeam "SC Murrhardt 1948 e.V."]

1. c4 e5 2. g3 c6 3. d4 e4 4. Nc3 d5 5. Qa4 Nd7 6. cxd5 Nb6 7. Qb3 cxd5 8. Nh3 Bd6 9. Bg5 f6 10. Bd2 g5 11. a4 Be7 12. a5 Nc4 13. Qb5+ Bd7 14. Qxd5 Nxd2 15. Kxd2 Bxh3 16. Bxh3 Qxd5 17. Nxd5 Rd8 18. Nxe7 Nxe7 19. e3 f5 20. Rhc1 Rf8 21. Rc7 Rd7 22. Rac1 Kd8 23. R7c5 Rf6 24. Bf1 a6 25. Ke1 Rh6 26. h3 Rf6 27. Bg2 Nd5 28. R1c4 Ke7 29. g4 fxg4 30. hxg4 Re6 31. Rc8 Kd6 32. Rf8 Nf6 33. d5 Kxd5 34. Rd4+ Kc6 35. Bxe4+ Nxe4 36. Rc8+ Rc7 37. Rc4+ Nc5 38. Rxc7+ Kxc7 39. Rxc5+ Kd6 40. Rxg5 h6 1-0

[Event "32.Schlosspark-Open"]
[Site "Wiesbaden-Biebrich"]
[Date "2023.08.25"]
[Round "3.17"]
[White "Lesny, Florian"]
[Black "Schwarz, Eduard"]
[Result "1-0"]
[WhiteElo "2232"]
[BlackElo "1951"]
[PlyCount "69"]
[EventDate "2023.??.??"]
[WhiteTeam "SK Bad Homburg 1927"]
[BlackTeam "SG Turm Idstein"]

1. e4 e5 2. Nf3 Nc6 3. Bc4 Nf6 4. d3 Bc5 5. O-O d6 6. c3 a6 7. Bb3 Ba7 8. Nbd2 b5 9. Re1 Ng4 10. Re2 Na5 11. Bc2 O-O 12. h3 Nh6 13. b4 Nc6 14. Nf1 Kh8 15. Bg5 Qe8 16. Qd2 Ng8 17. d4 f6 18. Be3 Nce7 19. a4 Bd7 20. axb5 Bxb5 21. Bd3 c5 22. Bxb5 axb5 23. bxc5 dxc5 24. dxe5 fxe5 25. Nxe5 Nf5 26. exf5 Qxe5 27. Qd7 Nf6 28. Qxb5 Rfb8 29. Qc4 Rb7 30. Ng3 Rc8 31. Rae1 h6 32. Bxh6 Qd5 33. Qh4 Kg8 34. Bxg7 Rxg7 35. Qxf6 1-0

[Event "32.Schlosspark-Open"]
[Site "Wiesbaden-Biebrich"]
[Date "2023.08.25"]
[Round "3.18"]
[White "Eveleens, Wim"]
[Black "Gramb, Marius"]
[Result "1/2-1/2"]
[WhiteElo "1993"]
[BlackElo "2219"]
[PlyCount "59"]
[EventDate "2023.??.??"]
[WhiteTeam "SV Amstel"]
[BlackTeam "Brühler SK 1920 e. V."]

1. c4 c5 2. g3 g6 3. Bg2 Bg7 4. Nc3 Nc6 5. d3 e6 6. e4 Nge7 7. Nge2 d6 8. O-O O-O 9. Rb1 Rb8 10. Bg5 b6 11. Qd2 Bb7 12. Bh6 Nd4 13. Bxg7 Kxg7 14. Nxd4 cxd4 15. Ne2 e5 16. b4 Qd7 17. f3 f5 18. a4 Rf7 19. a5 Rbf8 20. axb6 axb6 21. Qb2 Qc7 22. c5 b5 23. cxd6 Qxd6 24. f4 Rd8 25. fxe5 Qxe5 26. Rbe1 g5 27. Qd2 fxe4 28. Rxf7+ Kxf7 29. dxe4 h6 30. Nc1 1/2-1/2

[Event "32.Schlosspark-Open"]
[Site "Wiesbaden-Biebrich"]
[Date "2023.08.25"]
[Round "3.19"]
[White "Euler, Gerd"]
[Black "Zimmer, Gerald"]
[Result "1-0"]
[WhiteElo "2243"]
[BlackElo "1882"]
[PlyCount "33"]
[EventDate "2023.??.??"]
[WhiteTeam "SSG Hungen-Lich"]
[BlackTeam "SC Bergen-Enkheim 1922"]

1. d4 Nf6 2. c4 e5 3. dxe5 Ng4 4. Nf3 Bc5 5. e3 Nc6 6. a3 a5 7. Nc3 Ngxe5 8. Ne4 Be7 9. Nxe5 Nxe5 10. f4 Nc6 11. b3 O-O 12. Bd3 d5 13. cxd5 Na7 14. Ra2 f5 15. Ng3 b5 16. O-O Qxd5 17. Bc4 1-0

[Event "32.Schlosspark-Open"]
[Site "Wiesbaden-Biebrich"]
[Date "2023.08.25"]
[Round "3.20"]
[White "Diez, Gerhard"]
[Black "Kersten, Uwe"]
[Result "1/2-1/2"]
[WhiteElo "1980"]
[BlackElo "2235"]
[PlyCount "52"]
[EventDate "2023.??.??"]
[WhiteTeam "SC Bad Nauheim"]
[BlackTeam "Sfr. Bad Emstal/Wolfhagen"]

1. e4 c5 2. Nf3 d6 3. d4 cxd4 4. Nxd4 Nf6 5. Nc3 a6 6. h3 e5 7. Nde2 h5 8. g3 Be6 9. Bg2 Be7 10. O-O Nbd7 11. Be3 b5 12. Nd5 Bxd5 13. exd5 Qc7 14. a4 b4 15. c3 Rb8 16. cxb4 Rxb4 17. Qd2 Qb7 18. Rfb1 O-O 19. Nc3 Rb3 20. Ra3 Rc8 21. Rxb3 Qxb3 22. Qd1 Qb7 23. Bf1 Nc5 24. b4 Nce4 25. Nxe4 Nxe4 26. Qd3 Nc3 1/2-1/2

[Event "32.Schlosspark-Open"]
[Site "Wiesbaden-Biebrich"]
[Date "2023.08.25"]
[Round "3.21"]
[White "Giese, Tilman"]
[Black "Perske, Paul"]
[Result "0-1"]
[WhiteElo "1977"]
[BlackElo "2085"]
[PlyCount "52"]
[EventDate "2023.??.??"]
[WhiteTeam "SC Turm Illingen"]
[BlackTeam "Sfr.Heidesheim"]

1. Nf3 Nf6 2. g3 d5 3. Bg2 Bf5 4. O-O e6 5. d3 Be7 6. c4 c6 7. cxd5 exd5 8. a3 O-O 9. Qc2 h6 10. b4 a5 11. bxa5 Qxa5 12. Bb2 Nbd7 13. Nbd2 Nc5 14. Nd4 Bh7 15. N2b3 Nxb3 16. Qxb3 Qa6 17. Rfe1 Nd7 18. Bh3 Nc5 19. Qc2 Na4 20. Bc1 Bf6 21. Be3 c5 22. Nb3 Bxa1 23. Rxa1 d4 24. Bf4 b6 25. Nd2 Nc3 26. Nc4 Qxc4 0-1

[Event "32.Schlosspark-Open"]
[Site "Wiesbaden-Biebrich"]
[Date "2023.08.25"]
[Round "3.22"]
[White "Puschendorf, Steffen"]
[Black "Sanati, Charlotte"]
[Result "1/2-1/2"]
[WhiteElo "2121"]
[BlackElo "1976"]
[PlyCount "62"]
[EventDate "2023.??.??"]
[WhiteTeam "ESV Gera"]
[BlackTeam "SG Trier 1877 e.V."]

1. d4 d5 2. c4 c6 3. Nf3 Nf6 4. Nbd2 e6 5. g3 Nbd7 6. Bg2 Bd6 7. O-O O-O 8. Qc2 Qc7 9. e4 dxe4 10. Nxe4 Nxe4 11. Qxe4 Nf6 12. Qe2 b6 13. Bg5 Nd7 14. Rac1 Ba6 15. Rfd1 Rfe8 16. Qd2 h6 17. c5 hxg5 18. cxd6 Qxd6 19. Nxg5 Bb7 20. Ne4 Qe7 21. Qf4 c5 22. dxc5 Nxc5 23. Nd6 Red8 24. Nxb7 Rxd1+ 25. Rxd1 Nxb7 26. Rc1 Rd8 27. Qc7 Qxc7 28. Rxc7 Rd1+ 29. Bf1 Nc5 30. Kg2 Rd2 31. Kf3 a5 1/2-1/2

[Event "32.Schlosspark-Open"]
[Site "Wiesbaden-Biebrich"]
[Date "2023.08.25"]
[Round "3.23"]
[White "Baladjaev, Emin"]
[Black "Dietze, Frank"]
[Result "1/2-1/2"]
[WhiteElo "1967"]
[BlackElo "2115"]
[PlyCount "61"]
[EventDate "2023.??.??"]
[WhiteTeam "SAbt TuS Dotzheim"]
[BlackTeam "Wiesbaden"]

1. e4 c5 2. Nf3 d6 3. Be2 Nf6 4. d3 Nc6 5. c3 g6 6. O-O Bg7 7. h3 O-O 8. Bf4 e5 9. Bh2 Rb8 10. a4 Qb6 11. Qc2 Be6 12. Nfd2 d5 13. Na3 Rbd8 14. Kh1 Rd7 15. f4 dxe4 16. dxe4 Qd8 17. Rad1 exf4 18. Bxf4 Re8 19. Ndc4 Bxc4 20. Bxc4 Rxe4 21. Rxd7 Qxd7 22. Bg5 Qe7 23. Bxf6 Bxf6 24. Rxf6 Rxc4 25. Rxg6+ hxg6 26. Nxc4 Qe6 27. Qd3 Kg7 28. Kg1 Qe1+ 29. Kh2 Qf2 30. Qe4 Qf6 31. Kh1 1/2-1/2

[Event "32.Schlosspark-Open"]
[Site "Wiesbaden-Biebrich"]
[Date "2023.08.25"]
[Round "3.24"]
[White "Reschke, Thomas"]
[Black "Dauster, Ronald"]
[Result "1-0"]
[WhiteElo "2103"]
[BlackElo "1866"]
[PlyCount "159"]
[EventDate "2023.??.??"]
[WhiteTeam "SC Frankfurt-West"]
[BlackTeam "FT Schierstein"]

1. c4 Nf6 2. g3 g6 3. Bg2 Bg7 4. Nc3 O-O 5. e4 d6 6. Nge2 c5 7. a3 Nc6 8. Rb1 Be6 9. d3 Qc8 10. h3 Rb8 11. b4 b6 12. b5 Nd4 13. Nxd4 cxd4 14. Ne2 Ne8 15. Bb2 Qc5 16. Nc1 Bd7 17. Nb3 Qc8 18. Nxd4 e5 19. Nc2 f5 20. exf5 Bxf5 21. Ne3 Nf6 22. Nxf5 Qxf5 23. O-O h5 24. f4 exf4 25. Rxf4 Qg5 26. Qf3 Nd7 27. Bxg7 Kxg7 28. d4 Qe7 29. Qe4 Rbe8 30. Qxe7+ Rxe7 31. Rxf8 Nxf8 32. Bd5 Nh7 33. Kf2 Nf6 34. Bc6 Ne8 35. Bxe8 Rxe8 36. Rc1 Re4 37. c5 dxc5 38. dxc5 bxc5 39. Rxc5 Ra4 40. Rc3 Ra5 41. Rb3 Kf7 42. Ke3 Ra4 43. Kd2 h4 44. gxh4 Rxh4 45. Kc2 Ke6 46. Rg3 Kd5 47. Kb3 Kc5 48. a4 Rh6 49. Kc3 a6 50. bxa6 Kb6 51. Kd4 Kxa6 52. Ke5 Ka5 53. Kf6 Kxa4 54. Kg7 Rh5 55. Kxg6 Rb5 56. Rg4+ Kb3 57. h4 Rb6+ 58. Kg5 Rb5+ 59. Kh6 Kc3 60. h5 Kd3 61. Kg6 Rb6+ 62. Kg5 Rb5+ 63. Kh4 Rb6 64. Rg6 Rb4+ 65. Kh3 Rb5 66. h6 Ke4 67. Kh4 Rb1 68. Rg3 Rb6 69. Kh5 Rb5+ 70. Rg5 Rb7 71. Rg7 Rb5+ 72. Kg4 Rb6 73. Re7+ Kd5 74. h7 Rh6 75. Kg5 Rh1 76. Kf6 Kd6 77. Ra7 Rf1+ 78. Kg7 Rg1+ 79. Kf8 Rh1 80. Kg8 1-0

[Event "32.Schlosspark-Open"]
[Site "Wiesbaden-Biebrich"]
[Date "2023.08.25"]
[Round "3.25"]
[White "Marschner, Thomas"]
[Black "Mayer, Frank"]
[Result "1-0"]
[WhiteElo "1936"]
[BlackElo "2067"]
[PlyCount "53"]
[EventDate "2023.??.??"]
[WhiteTeam "SVG Eppstein 1932"]
[BlackTeam "Wiesbadener SV 1885"]

1. e4 e6 2. d4 d5 3. Nc3 Bb4 4. e5 c5 5. Bd2 Nh6 6. a3 Bxc3 7. Bxc3 cxd4 8. Bxd4 O-O 9. Nf3 b6 10. c3 Ba6 11. Bxa6 Nxa6 12. O-O Nc5 13. Bxc5 bxc5 14. b4 a5 15. Qd3 Nf5 16. Qb5 cxb4 17. axb4 axb4 18. cxb4 Rb8 19. Qc5 Nh4 20. Nxh4 Qxh4 21. Rfb1 Rfc8 22. Qd6 Qd4 23. g3 g6 24. h4 h5 25. Rc1 Rxc1+ 26. Rxc1 Qxb4 27. Rc8+ 1-0